[Event "Australian op"]
[Site "Melbourne"]
[Date "2018.12.31"]
[Round "9"]
[White "Goldenberg, Igor"]
[Black "Bjelobrk, Igor"]
[Result "0-1"]
[WhiteElo "2358"]
[BlackElo "2401"]
[PlyCount "98"]
[EventDate "2018.12.27"]
[EventType "swiss"]
[EventRounds "9"]
[EventCountry "AUS"]
[SourceTitle "CBM 188 Extra"]
[Source "ChessBase"]
[SourceDate "2019.02.26"]
[SourceVersion "1"]
[SourceVersionDate "2019.02.26"]
[SourceQuality "1"]

1. Nf3 Nf6 2. c4 e6 3. Nc3 d5 4. d4 Bb4 5. Qa4+ Nc6 6. cxd5 exd5 7. Bg5 h6 8. Bxf6 Qxf6 9. e3 0-0 10. Be2 Be6 11. 0-0 a6 12. Qb3 Bd6 13. a3 Ne7 14. Qc2 Ng6 15. b4 Rfe8 16. Qd2 c6 17. Na4 Re7 18. Nc5 Bg4 19. Rfe1 Rae8 20. a4 Nf4 21. Bd1 Bxf3 22. Bxf3 Nh3+ 23. Kh1 Ng5 24. Bd1 Bxc5 25. bxc5 Ne4 26. Qc2 Nxf2+ 27. Kg1 Nxd1 28. Raxd1 Rxe3 29. Rf1 Qg5 30. Qf2 R8e7 31. Rd2 g6 32. Rb2 Qg4 33. Rxb7 Rxb7 34. Qxe3 Kh7 35. h3 Qh4 36. Qe5 f5 37. Re1 a5 38. Kh2 h5 39. Re3 f4 40. Rf3 Rf7 41. Qe6 Qf6 42. Qxf6 Rxf6 43. Rb3 g5 44. Rb6 Kg6 45. g4 fxg3+ 46. Kxg3 Kf5 47. Rb8 Ke4 48. Rd8 Kxd4 49. Rd6 Ke5 0-1

[Event "Oceania zt"]
[Site "Cammeray"]
[Date "2015.07.10"]
[Round "9"]
[White "Goldenberg, Igor"]
[Black "Halpin, Patrick"]
[Result "1-0"]
[WhiteElo "2341"]
[BlackElo "2155"]
[PlyCount "63"]
[EventDate "2015.07.04"]
[EventType "swiss"]
[EventRounds "9"]
[EventCountry "AUS"]
[SourceTitle "CBM 167 Extra"]
[Source "ChessBase"]
[SourceDate "2015.09.14"]
[SourceVersion "1"]
[SourceVersionDate "2015.09.14"]
[SourceQuality "1"]

1. Nf3 Nc6 2. d4 d5 3. Bf4 Bf5 4. e3 e6 5. Be2 Bd6 6. Bg3 Nf6 7. 0-0 0-0 8. c4 Ne4 9. Nc3 Bxg3 10. hxg3 dxc4 11. Bxc4 Nd6 12. Be2 Re8 13. Nh4 e5 14. Nxf5 Nxf5 15. dxe5 Nxe5 16. Qb3 Qb8 17. Rad1 c6 18. e4 Nh6 19. f4 Ng6 20. Rd7 b5 21. Qb4 Qb6+ 22. Qd4 c5 23. Qf2 a6 24. Rfd1 Rac8 25. g4 b4 26. Nd5 Qe6 27. Nc7 Nxg4 28. Qf3 Rxc7 29. Rxc7 h5 30. e5 Nh4 31. Qc6 Qxc6 32. Rxc6 1-0

[Event "Oceania zt"]
[Site "Cammeray"]
[Date "2015.07.09"]
[Round "8"]
[White "Steadman, Michael VR"]
[Black "Goldenberg, Igor"]
[Result "1/2-1/2"]
[WhiteElo "2206"]
[BlackElo "2341"]
[PlyCount "89"]
[EventDate "2015.07.04"]
[EventType "swiss"]
[EventRounds "9"]
[EventCountry "AUS"]
[SourceTitle "CBM 167 Extra"]
[Source "ChessBase"]
[SourceDate "2015.09.14"]
[SourceVersion "1"]
[SourceVersionDate "2015.09.14"]
[SourceQuality "1"]

1. d4 Nf6 2. c4 g6 3. Nc3 Bg7 4. e4 0-0 5. Be2 d6 6. Be3 Nc6 7. d5 Ne5 8. h3 e6 9. g4 exd5 10. cxd5 c5 11. Qd2 Rb8 12. a4 a6 13. f4 Ned7 14. g5 Ne8 15. Nf3 Qe7 16. Bd3 b5 17. axb5 axb5 18. Nxb5 c4 19. Bxc4 Qxe4 20. Qe2 Bxb2 21. Rd1 Ba6 22. Kf2 Bh8 23. Rhe1 Nb6 24. Nxd6 Nxd6 25. Bxa6 Na4 26. Bd3 Nc3 27. Bxe4 Ndxe4+ 28. Kg2 Nxe2 29. Rxe2 Nc3 30. Red2 Nxd1 31. Rxd1 Rfe8 32. Bd4 Bxd4 33. Rxd4 f6 34. gxf6 Rb2+ 35. Kg3 Kf7 36. d6 Kxf6 37. d7 Rd8 38. Ne5 Ke6 39. h4 Rc2 40. Rd3 Rc1 41. Kg4 Rg1+ 42. Kf3 Rf1+ 43. Kg4 Rg1+ 44. Kf3 Re1 45. Kg4 1/2-1/2

[Event "Oceania zt"]
[Site "Cammeray"]
[Date "2015.07.07"]
[Round "5"]
[White "Goldenberg, Igor"]
[Black "Fancy, Stuart"]
[Result "1-0"]
[WhiteElo "2341"]
[BlackElo "2049"]
[PlyCount "73"]
[EventDate "2015.07.04"]
[EventType "swiss"]
[EventRounds "9"]
[EventCountry "AUS"]
[SourceTitle "CBM 167 Extra"]
[Source "ChessBase"]
[SourceDate "2015.09.14"]
[SourceVersion "1"]
[SourceVersionDate "2015.09.14"]
[SourceQuality "1"]

1. Nf3 c5 2. c4 g6 3. d4 Bg7 4. d5 b5 5. cxb5 a6 6. b6 Qxb6 7. Nc3 d6 8. e4 Bg4 9. Qa4+ Nd7 10. Nd2 Qb4 11. Qc2 g5 12. Nc4 h6 13. a3 Qb7 14. h4 gxh4 15. Rxh4 Ngf6 16. Ne3 Ne5 17. f4 Ng6 18. Rxg4 Nxg4 19. Nxg4 h5 20. Nh2 Qd7 21. Bd2 h4 22. 0-0-0 0-0 23. Kb1 Rfb8 24. Ka2 Rb6 25. Bc4 Rab8 26. Rb1 h3 27. g3 Bd4 28. Nd1 e5 29. dxe6 fxe6 30. f5 d5 31. fxe6 Qg7 32. Bxd5 Qe5 33. Bc3 Ne7 34. Nf3 Qxg3 35. Nxd4 h2 36. Nf5 Qf3 37. Nxe7+ 1-0

[Event "Oceania zt"]
[Site "Cammeray"]
[Date "2015.07.05"]
[Round "3"]
[White "Goldenberg, Igor"]
[Black "O'Chee, Kevin"]
[Result "1-0"]
[WhiteElo "2341"]
[BlackElo "2058"]
[PlyCount "95"]
[EventDate "2015.07.04"]
[EventType "swiss"]
[EventRounds "9"]
[EventCountry "AUS"]
[SourceTitle "CBM 167 Extra"]
[Source "ChessBase"]
[SourceDate "2015.09.14"]
[SourceVersion "1"]
[SourceVersionDate "2015.09.14"]
[SourceQuality "1"]

1. Nf3 c5 2. c4 Nf6 3. g3 b6 4. Bg2 Bb7 5. Nc3 e6 6. 0-0 Be7 7. Re1 0-0 8. e4 d6 9. d4 cxd4 10. Nxd4 Qc7 11. Be3 a6 12. Rc1 Nbd7 13. f4 Nc5 14. Bf2 Rac8 15. g4 Rfd8 16. g5 Ne8 17. Be3 e5 18. Nf5 exf4 19. Bxf4 Bf8 20. Nd5 Bxd5 21. cxd5 Qd7 22. Nd4 Rc7 23. Nc6 Rdc8 24. b4 Nb7 25. Qf3 Rxc6 26. dxc6 Rxc6 27. Rxc6 Qxc6 28. e5 d5 29. Qxd5 Qxd5 30. Bxd5 Bxb4 31. Rd1 Bc5+ 32. Kg2 Nd8 33. Bc4 Ne6 34. Bxe6 fxe6 35. Rd7 g6 36. Kf3 Ng7 37. Be3 Nf5 38. Bxc5 bxc5 39. Ke4 h6 40. gxh6 Nxh6 41. Ra7 Ng4 42. Rxa6 Nxh2 43. Rxe6 Kg7 44. a4 Nf1 45. a5 Nd2+ 46. Kd3 Nb3 47. a6 Nd4 48. Rb6 1-0

[Event "Oceania zt"]
[Site "Cammeray"]
[Date "2015.07.04"]
[Round "1"]
[White "Goldenberg, Igor"]
[Black "Walker, Tyson"]
[Result "1-0"]
[WhiteElo "2341"]
[BlackElo "1872"]
[PlyCount "81"]
[EventDate "2015.07.04"]
[EventType "swiss"]
[EventRounds "9"]
[EventCountry "AUS"]
[SourceTitle "CBM 167 Extra"]
[Source "ChessBase"]
[SourceDate "2015.09.14"]
[SourceVersion "1"]
[SourceVersionDate "2015.09.14"]
[SourceQuality "1"]

1. Nf3 Nf6 2. c4 c5 3. Nc3 e6 4. g3 b6 5. Bg2 Bb7 6. 0-0 d6 7. Re1 Ne4 8. Nxe4 Bxe4 9. d3 Bb7 10. e4 Nd7 11. d4 cxd4 12. Nxd4 a6 13. f4 Be7 14. f5 e5 15. Ne2 b5 16. cxb5 axb5 17. Nc3 0-0 18. Be3 Qa5 19. Nd5 Bxd5 20. Qxd5 Rfc8 21. Bf1 Rcb8 22. h3 Qb4 23. Qd2 Qxe4 24. Ba7 Qxf5 25. Bxb8 Rxb8 26. Bg2 Nc5 27. Rf1 Qg6 28. Kh2 e4 29. Rae1 d5 30. Qxd5 Rd8 31. Qf5 Qxf5 32. Rxf5 g6 33. Rff1 Rd2 34. b4 Nd3 35. Rxe4 Bxb4 36. Rd4 Bc3 37. Rd8+ Kg7 38. Rd7 Bf6 39. a3 Bb2 40. Rfxf7+ Kg8 41. Rfe7 1-0

[Event "Victoria-ch"]
[Site "Melbourne"]
[Date "2014.06.21"]
[Round "10"]
[White "Izzat, Kanan Azar"]
[Black "Goldenberg, Igor"]
[Result "1-0"]
[WhiteElo "2374"]
[BlackElo "2366"]
[PlyCount "85"]
[EventDate "2014.05.06"]
[EventType "tourn"]
[EventRounds "11"]
[EventCountry "AUS"]
[SourceTitle "EXT 2015"]
[Source "ChessBase"]
[SourceDate "2014.11.20"]
[SourceVersion "1"]
[SourceVersionDate "2014.11.20"]
[SourceQuality "1"]

1. d4 Nf6 2. c4 g6 3. Nc3 Bg7 4. e4 0-0 5. Nf3 d6 6. h3 e5 7. d5 a5 8. g4 Na6 9. Be3 Nc5 10. Nd2 Bd7 11. Be2 c6 12. g5 Ne8 13. h4 Nc7 14. Nb3 Nxb3 15. axb3 c5 16. h5 Ne8 17. Qd3 f5 18. gxf6 Nxf6 19. hxg6 hxg6 20. 0-0-0 a4 21. bxa4 Bxa4 22. Rdg1 Be8 23. Kc2 Qa5 24. Bh6 Qc7 25. Qe3 Bxh6 26. Rxh6 Qg7 27. Rh4 Rd8 28. Bf1 Bd7 29. Qg5 Kf7 30. f4 exf4 31. e5 dxe5 32. Bd3 Rh8 33. Bxg6+ Kf8 34. Rxh8+ Qxh8 35. Rh1 Qxh1 36. Qxf6+ Kg8 37. Bf7+ Kh7 38. Bg6+ Kg8 39. Qxd8+ Kg7 40. Qxd7+ Kxg6 41. Qe6+ Kh7 42. Qxe5 f3 43. Ne4 1-0

[Event "AUS-ch"]
[Site "Melbourne"]
[Date "2014.01.10"]
[Round "10"]
[White "Cheng, Bobby Sky"]
[Black "Goldenberg, Igor"]
[Result "1/2-1/2"]
[WhiteElo "2433"]
[BlackElo "2373"]
[PlyCount "83"]
[EventDate "2014.01.02"]
[EventType "swiss"]
[EventRounds "11"]
[EventCountry "AUS"]
[SourceTitle "CBM 158 Extra"]
[Source "ChessBase"]
[SourceDate "2014.02.28"]
[SourceVersion "1"]
[SourceVersionDate "2014.02.28"]
[SourceQuality "1"]

1. d4 Nf6 2. c4 g6 3. Nc3 Bg7 4. e4 d6 5. f4 0-0 6. Nf3 c5 7. dxc5 Qa5 8. Bd3 Qxc5 9. Qe2 Nc6 10. Be3 Qh5 11. h3 Bg4 12. 0-0 Bxf3 13. Rxf3 Nd7 14. Qd2 Qa5 15. Rc1 Nc5 16. Rf2 Na4 17. Nxa4 Qxa4 18. b3 Qa3 19. c5 Rfd8 20. cxd6 Qxd6 21. Bc4 Qa3 22. Qe1 e6 23. f5 Qe7 24. fxe6 fxe6 25. Bc5 Qe8 26. Qe2 b6 27. Be3 Ne5 28. Bg5 Rdc8 29. Bf6 Nxc4 30. Bxg7 Kxg7 31. Rxc4 Rxc4 32. Qxc4 Rc8 33. Qb4 e5 34. Qd6 Rc6 35. Qa3 Rc7 36. Qb2 Rd7 37. Qc3 Qe7 38. Qf3 Rd8 39. Qc3 Rd4 40. Qc6 Rd6 41. Qb5 Rd4 42. Qc6 1/2-1/2

[Event "AUS-ch"]
[Site "Melbourne"]
[Date "2014.01.08"]
[Round "8"]
[White "McClymont, Brodie"]
[Black "Goldenberg, Igor"]
[Result "0-1"]
[WhiteElo "2261"]
[BlackElo "2373"]
[PlyCount "68"]
[EventDate "2014.01.02"]
[EventType "swiss"]
[EventRounds "11"]
[EventCountry "AUS"]
[SourceTitle "CBM 158 Extra"]
[Source "ChessBase"]
[SourceDate "2014.02.28"]
[SourceVersion "1"]
[SourceVersionDate "2014.02.28"]
[SourceQuality "1"]

1. e4 c5 2. Nf3 Nc6 3. d4 cxd4 4. Nxd4 e6 5. Nc3 d6 6. Be3 Nf6 7. Qd2 Be7 8. f3 0-0 9. 0-0-0 a6 10. g4 Nd7 11. h4 Nxd4 12. Bxd4 b5 13. g5 Bb7 14. Kb1 b4 15. Ne2 Qa5 16. g6 Ne5 17. gxh7+ Kxh7 18. Rg1 Bf6 19. Qf4 Rac8 20. Ng3 Ng6 21. Qc1 Bxd4 22. Rxd4 Qc5 23. Ne2 d5 24. exd5 Bxd5 25. Rdg4 Bxa2+ 26. Kxa2 Qa5+ 27. Kb3 Qd5+ 28. c4 bxc3+ 29. Ka3 cxb2 30. Qxb2 Rb8 31. Nc3 Qc5+ 32. Ka2 Rxb2+ 33. Kxb2 Rc8 34. Bc4 Qb4+ 0-1

[Event "Melbourne Cup Weekend"]
[Site "Melbourne"]
[Date "2013.11.05"]
[Round "9"]
[White "Illingworth, Max"]
[Black "Goldenberg, Igor"]
[Result "1/2-1/2"]
[WhiteElo "2440"]
[BlackElo "2375"]
[PlyCount "21"]
[EventDate "2013.11.01"]
[EventType "swiss"]
[EventRounds "9"]
[EventCountry "AUS"]
[SourceTitle "EXT 2014"]
[Source "ChessBase"]
[SourceDate "2013.11.20"]
[SourceVersion "1"]
[SourceVersionDate "2013.11.20"]
[SourceQuality "1"]

1. e4 c5 2. Nf3 Nc6 3. Bb5 g6 4. 0-0 Bg7 5. c3 Nf6 6. Re1 0-0 7. h3 Qc7 8. d4 cxd4 9. cxd4 d5 10. e5 Ne4 11. Nbd2 1/2-1/2

[Event "Melbourne Cup Weekend"]
[Site "Melbourne"]
[Date "2013.11.03"]
[Round "4"]
[White "Jordan, William J"]
[Black "Goldenberg, Igor"]
[Result "1/2-1/2"]
[WhiteElo "2242"]
[BlackElo "2375"]
[PlyCount "100"]
[EventDate "2013.11.01"]
[EventType "swiss"]
[EventRounds "9"]
[EventCountry "AUS"]
[SourceTitle "EXT 2014"]
[Source "ChessBase"]
[SourceDate "2013.11.20"]
[SourceVersion "1"]
[SourceVersionDate "2013.11.20"]
[SourceQuality "1"]

1. e4 c5 2. Nf3 Nc6 3. Bb5 g6 4. 0-0 Bg7 5. c3 Nf6 6. Re1 0-0 7. d4 cxd4 8. cxd4 a6 9. Bxc6 dxc6 10. Nc3 Qc7 11. Bg5 Be6 12. Qd2 Rad8 13. Rac1 Rfe8 14. h3 Qa5 15. Qf4 Qb4 16. Qe3 Bc8 17. b3 Nd7 18. Red1 Nf6 19. Ne5 Be6 20. Na4 Nd7 21. Nf3 f6 22. Bh6 Bf7 23. Bxg7 Kxg7 24. Nc3 Nb6 25. Ne2 Nd7 26. Nf4 e5 27. dxe5 Nxe5 28. Nxe5 Rxd1+ 29. Rxd1 Rxe5 30. Nd3 Qd6 31. Rd2 Re7 32. Nc5 Qe5 33. f4 Qc7 34. b4 a5 35. bxa5 Qxa5 36. e5 fxe5 37. fxe5 b6 38. Nd7 Be6 39. Nxb6 Bxa2 40. Nd7 Bd5 41. Nf6 Qa1+ 42. Kf2 Rxe5 43. Nxd5 cxd5 44. Qd3 Qe1+ 45. Kf3 Kg8 46. g4 Kf8 47. Rc2 Qe4+ 48. Qxe4 Rxe4 49. Rd2 Re5 50. Kf4 Re4+ 1/2-1/2

[Event "George Trundle IM"]
[Site "Auckland"]
[Date "2011.07.23"]
[Round "8"]
[White "Smith, Robert Wayne"]
[Black "Goldenberg, Igor"]
[Result "1-0"]
[WhiteElo "2281"]
[BlackElo "2388"]
[PlyCount "145"]
[EventDate "2011.07.16"]
[EventType "tourn"]
[EventRounds "9"]
[EventCountry "NZL"]
[EventCategory "2"]
[SourceTitle "EXT 2018"]
[Source "ChessBase"]
[SourceDate "2017.10.13"]
[SourceVersion "1"]
[SourceVersionDate "2017.10.13"]
[SourceQuality "1"]

1. e4 c5 2. Nf3 Nc6 3. d4 cxd4 4. Nxd4 Nf6 5. Nc3 d6 6. Be3 e5 7. Nb3 Be7 8. Be2 0-0 9. g4 Be6 10. g5 Nd7 11. h4 a5 12. Nd5 a4 13. Nd2 a3 14. b3 f5 15. gxf6 Nxf6 16. Nxf6+ Bxf6 17. Bc4 d5 18. exd5 Bxd5 19. Ne4 Nd4 20. c3 Bxc4 21. bxc4 Qa5 22. Kf1 Nf5 23. Qd5+ Kh8 24. Qxa5 Rxa5 25. Bc5 Rc8 26. Bb4 Ra6 27. c5 Bxh4 28. Rd1 Rd8 29. Ke2 Raa8 30. Rxd8+ Rxd8 31. Nd6 Nxd6 32. cxd6 Bf6 33. Rd1 Rd7 34. Kd3 Kg8 35. Ke4 Kf7 36. Kd5 Rd8 37. Bc5 h5 38. Rb1 Rd7 39. f3 Bd8 40. Bxa3 Kf6 41. c4 Kf5 42. c5 h4 43. Bb2 g5 44. Bxe5 h3 45. Re1 Rh7 46. Bh2 Bf6 47. Re4 Rh8 48. d7 Ra8 49. a4 Ra6 50. Re5+ Bxe5 51. d8Q Bxh2 52. Qc8+ Kg6 53. Qxh3 Bg1 54. Qf1 Bxc5 55. Kxc5 Rxa4 56. Qb1+ Kh6 57. Qxb7 Rf4 58. Kd6 Kg6 59. Ke5 Rf5+ 60. Ke4 Rf4+ 61. Ke3 Rh4 62. Kf2 Rf4 63. Kg3 Kf6 64. Qc6+ Kg7 65. Qe6 Kh7 66. Qd6 Kg7 67. Qe5+ Kg6 68. Qe8+ Kh6 69. Kf2 Rh4 70. Qe6+ Kg7 71. Qf5 Kh6 72. Qf6+ Kh5 73. Qg7 1-0

[Event "George Trundle IM"]
[Site "Auckland"]
[Date "2011.07.19"]
[Round "1"]
[White "Goldenberg, Igor"]
[Black "Johansen, Darryl Keith"]
[Result "1/2-1/2"]
[WhiteElo "2388"]
[BlackElo "2408"]
[PlyCount "27"]
[EventDate "2011.07.16"]
[EventType "tourn"]
[EventRounds "9"]
[EventCountry "NZL"]
[EventCategory "2"]
[SourceTitle "EXT 2018"]
[Source "ChessBase"]
[SourceDate "2017.10.13"]
[SourceVersion "1"]
[SourceVersionDate "2017.10.13"]
[SourceQuality "1"]

1. Nf3 d5 2. d4 c6 3. c4 Nf6 4. Nc3 dxc4 5. a4 Bf5 6. e3 e6 7. Bxc4 Nbd7 8. 0-0 Bb4 9. Qb3 a5 10. Na2 Qe7 11. Nxb4 Qxb4 12. Qxb4 axb4 13. Bd2 Nb6 14. Bb3 1/2-1/2

[Event "George Trundle IM"]
[Site "Auckland"]
[Date "2011.07.17"]
[Round "2"]
[White "Krstev, Antonio"]
[Black "Goldenberg, Igor"]
[Result "0-1"]
[WhiteElo "2150"]
[BlackElo "2388"]
[PlyCount "80"]
[EventDate "2011.07.16"]
[EventType "tourn"]
[EventRounds "9"]
[EventCountry "NZL"]
[EventCategory "2"]
[SourceTitle "EXT 2018"]
[Source "ChessBase"]
[SourceDate "2017.10.13"]
[SourceVersion "1"]
[SourceVersionDate "2017.10.13"]
[SourceQuality "1"]

1. d4 Nf6 2. c4 g6 3. Nc3 Bg7 4. e4 0-0 5. f3 d6 6. Be3 Nc6 7. Nge2 a6 8. Qd2 Rb8 9. a4 e5 10. d5 Na5 11. Nc1 c5 12. Bd3 Nh5 13. g4 Nf4 14. Bxf4 exf4 15. Kd1 Qb6 16. Kc2 Be5 17. Ra3 Qb4 18. N1a2 Nxc4 19. Bxc4 Qxc4 20. b3 Qd4 21. Qe2 Bg7 22. Rd1 Qe5 23. a5 Bd7 24. Qd2 Rfc8 25. h4 b5 26. axb6 Rxb6 27. Rb1 h6 28. Nc1 g5 29. h5 Rcb8 30. Nd3 Qd4 31. Ne2 Qf6 32. Nc3 c4 33. bxc4 Rxb1 34. e5 dxe5 35. Nxb1 e4 36. fxe4 Rb2+ 37. Nxb2 Qxb2+ 38. Kd3 Qxb1+ 39. Qc2 Qe1 40. Qa2 Qd1+ 0-1

[Event "Adelaide Lidums op"]
[Site "Adelaide"]
[Date "2010.07.04"]
[Round "5"]
[White "Morris, James"]
[Black "Goldenberg, Igor"]
[Result "1-0"]
[WhiteElo "2213"]
[BlackElo "2336"]
[PlyCount "51"]
[EventDate "2010.07.03"]
[EventType "swiss"]
[EventRounds "7"]
[EventCountry "AUS"]
[SourceTitle "EXT 2018"]
[Source "ChessBase"]
[SourceDate "2017.10.13"]
[SourceVersion "1"]
[SourceVersionDate "2017.10.13"]
[SourceQuality "1"]

1. d4 d5 2. Nf3 Nf6 3. c4 c6 4. e3 e6 5. b3 Bd6 6. Bd3 0-0 7. 0-0 Nbd7 8. Bb2 Qc7 9. Nc3 dxc4 10. bxc4 e5 11. c5 Be7 12. Qc2 exd4 13. exd4 Rd8 14. Rfe1 Nf8 15. Re5 Ng6 16. Rae1 Bf8 17. Ng5 Nxe5 18. dxe5 h6 19. Nxf7 Qxf7 20. exf6 Qxf6 21. Ne4 Qf4 22. g3 Qf3 23. Qb3+ Kh8 24. Re3 Rxd3 25. Rxf3 Rxb3 26. Rxf8+ 1-0

[Event "Adelaide Lidums op"]
[Site "Adelaide"]
[Date "2010.07.03"]
[Round "2"]
[White "Goldenberg, Igor"]
[Black "Srdic, Goran"]
[Result "1-0"]
[WhiteElo "2336"]
[BlackElo "1990"]
[PlyCount "95"]
[EventDate "2010.07.03"]
[EventType "swiss"]
[EventRounds "7"]
[EventCountry "AUS"]
[SourceTitle "EXT 2018"]
[Source "ChessBase"]
[SourceDate "2017.10.13"]
[SourceVersion "1"]
[SourceVersionDate "2017.10.13"]
[SourceQuality "1"]

1. Nf3 Nf6 2. c4 e6 3. Nc3 d5 4. d4 c6 5. e3 Nbd7 6. Bd3 dxc4 7. Bxc4 b5 8. Be2 a6 9. e4 b4 10. e5 bxc3 11. exf6 Nxf6 12. bxc3 Bd6 13. 0-0 Qc7 14. c4 c5 15. Bb2 Bb7 16. dxc5 Bxc5 17. Be5 Qa5 18. Qd2 Qxd2 19. Nxd2 Nd7 20. Bc3 0-0 21. Nb3 Rac8 22. Rfd1 Rfd8 23. Ba5 Bb6 24. Rxd7 Bxf2+ 25. Kxf2 Rxd7 26. Rc1 e5 27. Bb6 Rd6 28. c5 Rf6+ 29. Kg1 Rg6 30. g3 f5 31. Na5 Be4 32. Rd1 f4 33. Ba7 Rf8 34. Bc4+ Kh8 35. Rd6 fxg3 36. Rxg6 gxh2+ 37. Kxh2 hxg6 38. c6 Bf5 39. Bxa6 e4 40. Bb7 Re8 41. Nc4 e3 42. Nxe3 Be4 43. Nc4 Re6 44. Na5 g5 45. Kg3 Kh7 46. c7 Bxb7 47. Nxb7 Rc6 48. Nd6 1-0

[Event "Doeberl Cup 48th"]
[Site "Canberra"]
[Date "2010.04.05"]
[Round "9"]
[White "Teichmann, Erik Oskar Michael"]
[Black "Goldenberg, Igor"]
[Result "1-0"]
[WhiteElo "2327"]
[BlackElo "2404"]
[PlyCount "105"]
[EventDate "2010.04.01"]
[EventType "swiss"]
[EventRounds "9"]
[EventCountry "AUS"]
[SourceTitle "CBM 135 Extra"]
[Source "ChessBase"]
[SourceDate "2010.05.04"]
[SourceVersion "1"]
[SourceVersionDate "2010.05.04"]
[SourceQuality "1"]

1. b4 c6 2. c4 d5 3. e3 Nf6 4. Bb2 Bf5 5. Nf3 e6 6. b5 Bd6 7. Be2 0-0 8. 0-0 h6 9. a4 Bh7 10. d4 dxc4 11. Bxc4 Nbd7 12. Nbd2 c5 13. Ne5 cxd4 14. exd4 Nb6 15. Bb3 a5 16. Re1 Nbd5 17. Qf3 Bb4 18. Re2 Rc8 19. Ndc4 Qe7 20. g3 Rfd8 21. Rd1 Qf8 22. h4 h5 23. Rc1 Bf5 24. Bc2 Bxc2 25. Rexc2 Qe7 26. Nd3 Rc7 27. Nde5 g6 28. Qd3 Qe8 29. Nf3 Ng4 30. Nce5 Nxe5 31. dxe5 Rxc2 32. Qxc2 Nb6 33. Ng5 Rc8 34. Qe4 Rxc1+ 35. Bxc1 Qd7 36. Qf3 Qc7 37. Be3 Nxa4 38. b6 Qd7 39. Ne4 Be7 40. Nf6+ Bxf6 41. Qxf6 g5 42. Qxg5+ Kf8 43. Qxh5 Kg8 44. Bh6 Qd3 45. Qg4+ Qg6 46. Qxa4 Qxh6 47. Qxa5 Qc1+ 48. Kh2 Kg7 49. Qb4 Qd1 50. Qe4 Qd2 51. Kg2 Qd7 52. h5 Qc8 53. Qf3 1-0

[Event "Doeberl Cup 48th"]
[Site "Canberra"]
[Date "2010.04.04"]
[Round "8"]
[White "Goldenberg, Igor"]
[Black "Roy Chowdhury, Saptarshi"]
[Result "0-1"]
[WhiteElo "2404"]
[BlackElo "2435"]
[PlyCount "94"]
[EventDate "2010.04.01"]
[EventType "swiss"]
[EventRounds "9"]
[EventCountry "AUS"]
[SourceTitle "CBM 135 Extra"]
[Source "ChessBase"]
[SourceDate "2010.05.04"]
[SourceVersion "1"]
[SourceVersionDate "2010.05.04"]
[SourceQuality "1"]

1. c4 e5 2. Nc3 Nc6 3. g3 Bb4 4. Bg2 f5 5. Nd5 Bc5 6. e3 Nf6 7. Ne2 d6 8. 0-0 Bb6 9. d4 Nxd5 10. cxd5 Ne7 11. dxe5 dxe5 12. Qb3 Qd6 13. Bd2 a5 14. Nc3 e4 15. f3 exf3 16. Bxf3 Bd7 17. Kg2 0-0 18. e4 Ng6 19. exf5 Bxf5 20. Ne4 Qd7 21. Nf2 a4 22. Qd1 Ne5 23. Bb4 Nxf3 24. Bxf8 Rxf8 25. Qxf3 Bxf2 26. Kh1 Bg4 27. Qxf8+ Kxf8 28. Rxf2+ Kg8 29. Re1 Qxd5+ 30. Kg1 h6 31. a3 Bd7 32. h4 Bc6 33. Kh2 Qd4 34. Rfe2 Qg4 35. Re3 Bd7 36. R1e2 Qh3+ 37. Kg1 Bc6 38. Rh2 Qf5 39. Rd2 Qb1+ 40. Kf2 Qh1 41. Rc3 Qg2+ 42. Ke1 Qg1+ 43. Ke2 Bb5+ 44. Kf3 Qe1 45. Rd8+ Kh7 46. Rxc7 Bc6+ 47. Kg4 Qe6+ 0-1

[Event "Doeberl Cup 48th"]
[Site "Canberra"]
[Date "2010.04.01"]
[Round "1"]
[White "Goldenberg, Igor"]
[Black "Morriss, Pete R"]
[Result "1-0"]
[WhiteElo "2404"]
[BlackElo "2027"]
[PlyCount "83"]
[EventDate "2010.04.01"]
[EventType "swiss"]
[EventRounds "9"]
[EventCountry "AUS"]
[SourceTitle "CBM 135 Extra"]
[Source "ChessBase"]
[SourceDate "2010.05.04"]
[SourceVersion "1"]
[SourceVersionDate "2010.05.04"]
[SourceQuality "1"]

1. c4 Nf6 2. Nc3 c5 3. Nf3 Na6 4. g3 g6 5. Bg2 Bg7 6. 0-0 0-0 7. d4 d5 8. cxd5 Nxd5 9. e4 Nxc3 10. bxc3 Bg4 11. Be3 Qa5 12. Qb3 b5 13. Rab1 Rab8 14. h3 Be6 15. d5 Bd7 16. Bg5 c4 17. Qd1 Rfe8 18. Bf4 Bxc3 19. Bxb8 Rxb8 20. Nd4 Nc5 21. Ne2 Bg7 22. Qc2 Nd3 23. f4 Rc8 24. e5 Qb6+ 25. Kh2 Bf5 26. Qc3 b4 27. Qd4 Qa6 28. g4 Bd7 29. Nc1 Nxc1 30. Rfxc1 Qb5 31. Bf1 g5 32. Rxc4 Rxc4 33. Bxc4 Qb8 34. d6 gxf4 35. Rxb4 Qc8 36. Qxf4 e6 37. Bd3 Bc6 38. Be4 Bxe4 39. Qxe4 Qc5 40. Rb8+ Bf8 41. Kg2 Qc3 42. Qf4 1-0

[Event "Doeberl Cup 48th"]
[Site "Canberra"]
[Date "2010.04.01"]
[Round "2"]
[White "Morris, James"]
[Black "Goldenberg, Igor"]
[Result "0-1"]
[WhiteElo "2127"]
[BlackElo "2404"]
[PlyCount "72"]
[EventDate "2010.04.01"]
[EventType "swiss"]
[EventRounds "9"]
[EventCountry "AUS"]
[SourceTitle "CBM 135 Extra"]
[Source "ChessBase"]
[SourceDate "2010.05.04"]
[SourceVersion "1"]
[SourceVersionDate "2010.05.04"]
[SourceQuality "1"]

1. c4 c5 2. b3 Nf6 3. Bb2 e6 4. Nf3 b6 5. g3 Bb7 6. Bg2 Be7 7. 0-0 d6 8. Nc3 a6 9. d4 cxd4 10. Qxd4 Nbd7 11. Rad1 0-0 12. e4 Qc7 13. Rfe1 Rac8 14. Qd2 Rfe8 15. Nd4 Bf8 16. f4 g6 17. Kh1 Rcd8 18. f5 Bg7 19. fxe6 fxe6 20. Ndb5 axb5 21. Nxb5 Qb8 22. Nxd6 e5 23. Nxe8 Rxe8 24. b4 Qc7 25. Qd3 Nb8 26. c5 bxc5 27. bxc5 Nc6 28. Qb3+ Kh8 29. Qb6 Qc8 30. Qb3 Ng4 31. Rf1 Nd4 32. Bxd4 exd4 33. Rf4 Ne3 34. Re1 Ba8 35. Qf7 g5 36. Rf2 Rf8 0-1